000 00652nam a2200265Ia 4500
008 160321s9999||||xx |||||||||||||| ||und||
040 _cEnglish
082 _aX.A/Bhargava
082 _bBORI-23233
100 _aPurushottam Lal Bhargava
245 _aIndia in the Vedic Age
260 _c1971
300 _aix+396
300 _cC
300 _eHardbound
530 _u00005393.pdf
563 _aStudy
600 _aPurushottam Lal Bhargava
630 _aIndia in the Vedic Age
650 _aGeneral Indology
650 _aPhilosophy
700 _aPurushottam Lal Bhargava
730 _aIndia in the Vedic Age
942 _cBOOK
999 _c1359384
_d1359381